000 003920000a22001450004500
041 0 _aSPA
082 0 4 _aG 833 H5871n
100 1 _aHesse, Hermann (1875- )
245 1 0 _aNarciso y goldmundo / Hermann Hesse; Luis Tobío, Traductor
260 _aBuenos Aires, Argentina : Sudamericana
300 _a411 Pag
500 _aTítulo original : Narziss und goldmund
001 10961
942 _cBK
999 _c40346
_d40346